[Event "Canoa op"]
[Site "Canoa"]
[Date "2024.10.13"]
[Round "6"]
[White "Lopes, Francisco Bernadino"]
[Black "De Araujo, Paulo Roberto Perei"]
[Result "1/2-1/2"]
[WhiteElo "1581"]
[BlackElo "1768"]
[PlyCount "96"]
[EventDate "2024.10.11"]
[EventType "swiss"]
[EventRounds "6"]
[EventCountry "BRA"]
[SourceTitle "CB43_2024"]
[Source "Chessbase"]
[SourceDate "2024.10.23"]
[SourceVersion "1"]
[SourceVersionDate "2024.10.23"]
[SourceQuality "1"]

1. e4 c5 2. Nf3 Nc6 3. Bc4 e6 4. a3 d5 5. exd5 exd5 6. Ba2 Nf6 7. h3 Qe7+ 8. Qe2 Qxe2+ 9. Kxe2 Bf5 10. d3 Bd6 11. Re1 0-0 12. Kf1 Rfe8 13. Bd2 Rxe1+ 14. Bxe1 Re8 15. Nc3 Be6 16. Nb5 Bb8 17. Ng5 Bd7 18. Nc3 h6 19. Nf3 Be6 20. Ne2 g5 21. g4 b5 22. d4 c4 23. c3 a5 24. Bb1 a4 25. Ng3 Bxg3 26. fxg3 Ne4 27. Kg2 f5 28. gxf5 Bxf5 29. g4 Bh7 30. h4 gxh4 31. Bxh4 Ne7 32. Ne5 Ng6 33. Nxg6 Bxg6 34. Bc2 Rf8 35. Re1 Kg7 36. Re2 Rf7 37. Be1 Rf4 38. Kh3 Ng5+ 39. Kg3 Rf3+ 40. Kg2 Bxc2 41. Rxc2 Re3 42. Bf2 Re4 43. Kg3 Kg6 44. Rd2 Kf6 45. Bg1 Kg6 46. Rf2 Re3+ 47. Kg2 Re4 48. Kg3 Re3+ 1/2-1/2

[Event "Canoa op"]
[Site "Canoa"]
[Date "2024.10.12"]
[Round "3"]
[White "Lima, Ricardo Almeida"]
[Black "Lopes, Francisco Bernadino"]
[Result "0-1"]
[WhiteElo "1540"]
[BlackElo "1581"]
[PlyCount "88"]
[EventDate "2024.10.11"]
[EventType "swiss"]
[EventRounds "6"]
[EventCountry "BRA"]
[SourceTitle "CB43_2024"]
[Source "Chessbase"]
[SourceDate "2024.10.23"]
[SourceVersion "1"]
[SourceVersionDate "2024.10.23"]
[SourceQuality "1"]

1. c4 d6 2. Nc3 Nf6 3. Nf3 h6 4. d3 Bf5 5. g3 e6 6. Bg2 c6 7. 0-0 Be7 8. Qb3 b6 9. Nd4 0-0 10. Nxc6 Nxc6 11. Bxc6 Rc8 12. Bg2 Nd7 13. Nb5 Nc5 14. Qc2 Qd7 15. Qd1 e5 16. Nc3 Be6 17. Nd5 Bd8 18. b3 Na6 19. Bb2 Nc7 20. Nxc7 Qxc7 21. Qd2 f5 22. Bh3 Bg5 23. Qd1 Qf7 24. Ba3 Rcd8 25. Bb2 Qh5 26. Bg2 f4 27. e3 f3 28. Bh1 Bh3 29. Re1 Qf7 30. e4 h5 31. Bc1 Be7 32. Re3 Bg2 33. Qe1 Bxh1 34. Kxh1 Bg5 35. Qf1 Bxe3 36. Bxe3 Qe6 37. h4 Qg4 38. Bg5 Rd7 39. a4 Qe6 40. Kh2 Rb7 41. Re1 Qc8 42. Re3 Qc5 43. Qd1 Rbf7 44. Re1 Qxf2+ 0-1

[Event "Carvalho Memorial op"]
[Site "Juazeiro do Norte"]
[Date "2022.07.23"]
[Round "2"]
[White "Lopes, Francisco Bernadino"]
[Black "Silva, Augusto Sergio Brun"]
[Result "0-1"]
[WhiteElo "1374"]
[BlackElo "1631"]
[PlyCount "112"]
[EventDate "2022.07.22"]
[EventType "swiss"]
[EventRounds "5"]
[EventCountry "BRA"]
[SourceTitle "EXT 2024"]
[Source "ChessBase"]
[SourceDate "2023.10.10"]
[SourceVersion "1"]
[SourceVersionDate "2023.10.10"]
[SourceQuality "1"]

1. e4 d6 2. Nf3 Nf6 3. Nc3 g6 4. h3 Bg7 5. Bc4 0-0 6. d3 c5 7. a3 Nc6 8. Bd2 a6 9. 0-0 Nd7 10. Qe1 Nde5 11. Nxe5 Nxe5 12. Bb3 Bd7 13. Bg5 Re8 14. f4 Nc6 15. Qd2 b5 16. Rab1 b4 17. axb4 cxb4 18. Nd5 a5 19. f5 Qc8 20. f6 exf6 21. Bxf6 Ne5 22. Ne7+ Rxe7 23. Bxe7 Bxh3 24. gxh3 Qxh3 25. Qg2 Qh5 26. Rf4 Bh6 27. Rh4 Nf3+ 28. Kf2 Nxh4 29. Bxh4 Qxh4+ 30. Kf1 Qf4+ 31. Qf2 Qxf2+ 32. Kxf2 a4 33. Bd5 Ra7 34. Ke2 Bg7 35. Kd2 a3 36. bxa3 Bc3+ 37. Kc1 bxa3 38. Ba2 Bb2+ 39. Kd2 h5 40. c4 g5 41. Rg1 g4 42. Rh1 Ra5 43. Ke3 g3 44. Kf3 Rg5 45. Kg2 Kg7 46. Rf1 h4 47. c5 dxc5 48. Rxf7+ Kh6 49. Rd7 h3+ 50. Kg1 Bd4+ 51. Rxd4 cxd4 52. Be6 h2+ 53. Kg2 Rb5 54. Bd5 Rb2+ 55. Kxg3 h1Q 56. e5 Qxd5 0-1